000 00331pab a2200133 454500
008 180718b xxu||||| |||| 00| 0 eng d
100 _aSeagrave Jayne
245 _aThe unique bureaucracy
362 _a67(2), Apr-Jun 1994, p.125-32
650 _a Police
650 _aCommunity Policing
773 _aPolice Journal
909 _a26654
999 _c26654
_d26654